000 00434nam a2200157Ia 4500
003 LK-CoDNM
008 010623t1999 xxu||||| |||| 00| 1 eng d
040 _aLK-CoDNM
_dLK-CoDNM
_eLK-CoDNM
041 _aeng
080 _a32
100 _aDe Silva,K.M
245 _aSri Lanka : Ethnic Conflict Management ANd Resolution
260 _bInternational Centre For Ethnic Studies
_aKandy
_c1999
300 _b55p.;23.5 cm cm
942 _cBK
999 _c119397
_d119397